The economic survey 2006 (Record no. 6733)

MARC details
000 -LEADER
fixed length control field 00442nam a22001217a 4500
008 - FIXED-LENGTH DATA ELEMENTS--GENERAL INFORMATION
fixed length control field 200324b ||||| |||| 00| 0 eng d
100 ## - MAIN ENTRY--PERSONAL NAME
Personal name The United Republic of Tanzania
245 ## - TITLE STATEMENT
Title The economic survey 2006
Statement of responsibility, etc. The united republic of Tanzania
Medium English
260 ## - PUBLICATION, DISTRIBUTION, ETC. (IMPRINT)
Place of publication, distribution, etc. Dar Es Salaam-Tanzania
Name of publisher, distributor, etc. The Ministry of Planning Economy and empowerment
Date of publication, distribution, etc. 2007
300 ## - PHYSICAL DESCRIPTION
Extent xvii,222p.
Other physical details Illustration
Dimensions 22cm
650 ## - SUBJECT ADDED ENTRY--TOPICAL TERM
Source of heading or term The economic survey
942 ## - ADDED ENTRY ELEMENTS (KOHA)
Source of classification or shelving scheme Dewey Decimal Classification
Koha item type BOOKS
Holdings
Withdrawn status Lost status Source of classification or shelving scheme Damaged status Not for loan Home library Current library Date acquired Total Checkouts Barcode Date last seen Price effective from Koha item type
    Dewey Decimal Classification     Mwanza Mwanza 24/03/2020   10000002103 24/03/2020 24/03/2020 BOOKS

IRDP © 2021 :: Managed by ICT Team